[Event "Olympiad-36"]
[Site "Mallorca"]
[Date "2004.10.18"]
[Round "4"]
[White "Movsesian, Sergei"]
[Black "Svetushkin, Dmitry"]
[Result "1-0"]
[WhiteElo "2629"]
[BlackElo "2568"]
[Annotator "Lukacs,P"]
[PlyCount "85"]
[EventDate "2004.10.15"]
[EventType "team-swiss"]
[EventRounds "14"]
[EventCountry "ESP"]
[SourceTitle "CBM 104"]
[Source "ChessBase"]
[SourceDate "2005.01.27"]
[SourceVersion "1"]
[SourceVersionDate "2005.01.27"]
[SourceQuality "1"]
[WhiteTeam "Slovakia"]
[BlackTeam "Moldova"]
[WhiteTeamCountry "SVK"]
[BlackTeamCountry "MDA"]

1. e4 {Movsesian} c6 2. d4 d5 3. e5 c5 4. dxc5 Nc6 5. Bb5 e6 6. Be3 Nge7 7. c3
{White is desperately fighting for his extra P in this variation.} Bd7 8. Bxc6
Bxc6 (8... Nxc6 $5) 9. Nf3 Nf5 10. Bd4 Nxd4 (10... Qc7 $5 {Z.Almasi}) (10... a5
{against b4} 11. O-O (11. a4 Nxd4 12. Qxd4 Be7 13. b4 (13. O-O O-O 14. Nbd2 Qc7
15. Ra3 Bd7 $13 {and Black will get back the sacrificed P soon,
Skripchenko-Kononenko, Halle 2000.}) 13... O-O 14. O-O Qc7 15. Qe3 Bd7 16. Nbd2
axb4 17. cxb4 Bxa4 18. Rfc1 {White blockades the vital d4 square, but he
cannot advance easily his << P majority.} Rfc8 19. h4 Bd7 20. Nb3 Ra4 $13 {
Kotronias-Svetushkin, Halkidiki 2002}) 11... Nxd4 12. cxd4 {with a healthy P
up.} (12. Qxd4 a4 {/\ Ra5} 13. Nbd2 Ra5 (13... Qa5 14. b4 {1/2-1/2 Sax,
G-Zelcic,R/Ljubjana SLO 2004}) 14. b4 axb3 15. Nxb3 Ra4 {White still has his +
P, but his pawns are weakened.} 16. Qd2 Qc7 17. Nfd4 $5 (17. Rfe1 $13) 17...
Qxe5 18. f4 Qf6 19. Rae1 Be7 20. Qe2 $44 {Blehm-Svetushkin, Yerevan 2000})
12... b6 13. cxb6 Qxb6 14. Nc3 Qxb2 15. Rb1 Qxc3 16. Rc1 Qb2 17. Rxc6 {Black
has won back the P, but lost the ^^ and the |^.} Be7 18. Rc7 a4 19. Qc1 Qb5 20.
Qf4 Qb4 21. Rfc1 O-O 22. h4 $14 {Volkmann-Svetushkin, Bled 2002}) 11. Qxd4 (11.
cxd4 b6 $1 12. cxb6 (12. b4 a5 $132) 12... Qxb6 {and Black's lead of
development and active ^^ fully compensates the P.} 13. Qc1 (13. Qd2 $2 Rb8 $1
14. b3 Bb4 15. Nc3 Bb5 $17) 13... Bb5 $1 (13... Rb8 $2 14. O-O $1) 14. Nc3 Rc8
$44) 11... Qa5 $1 (11... a5 $6 12. b4 $1 $16 {Z.Almasi-De la Villa, Pamplona
1996/97}) 12. b4 Qa6 13. a4 (13. Qe3 b6 14. cxb6 axb6 15. Nd4 Bd7 (15... Bb5
16. f4 Be7 17. Kf2 O-O 18. Nd2 $14 {Kapnisis-Svetushkin, Ikaros 2003}) 16. Nd2
Be7 17. f4 O-O 18. Kf2 f6 {Black has to blow up White's [+] at any cost.} (
18... Ra7 19. g4 Qc8 20. Rhc1 f6 $1 21. exf6 Rxf6 22. g5 Rf8 23. N2f3 Qb8 24.
Nxe6 Bxe6 25. Qxe6+ Kh8 $44 {the white K has no real shelter, Brkic-Zelcic,
Bizovac 2003.}) 19. N2f3 Qa3 20. Rhb1 $14 {White can hold both d4 and e5,
Theoocharides-Zelcic, Plovdiv 2003.}) 13... b6 14. Qf4 $1 {Movsesian: 'This
move was played by young Croatian IM Brkic and brings the whole idea of
black's pawn sacrifice under question.'} (14. cxb6 axb6 $44) 14... d4 {
Movsesian: 'Probably the best practical try.'} (14... bxc5 $2 {founders on} 15.
Ng5 $1 Qb7 16. b5 $18) ({Movsesian: Bad is} 14... Rb8 15. cxb6 (15. Ng5 Rb7 16.
cxb6 axb6 $44) (15. Na3 $5 Qd3 $1 (15... bxc5 16. Ng5 $1 $16 (16. b5 $6 Qa5 $1
17. bxc6 Qxc3+ 18. Ke2 Rb2+ 19. Nd2 c4 $1 20. c7 Kd7 $44)) (15... Qxa4 16. Nd4
bxc5 17. Nac2 $16) 16. Qd4 Qg6 17. O-O $1 bxc5 (17... Bxa4 18. b5 Bb3 19. c6
$14) (17... Be7 18. Nb5 $1 $16) 18. bxc5 Rc8 $1 (18... Be7 19. Nb5 $1 $36) (
18... a6 19. Rfb1 Rc8) 19. Rfb1 (19. Nb5 $140 Bxb5 20. axb5 Bxc5 21. Qd2 O-O)
19... Be7 20. Nb5 Bxb5 21. Rxb5 a6 $44) 15... axb6 (15... Rxb6 16. Nd4) 16. Nd4
Bd7 17. b5 Qa5 (17... Qc8 18. O-O Be7 19. Qe3 O-O 20. Nd2 {'+/-' Movsesian.
Movsesian: 'Brkic-Armanda, Bizovac 2004'} Ra8 21. N4b3 Qb8 22. c4 $16 {
Brkic-Armanda, Bizovac 2004}) 18. O-O Rc8 19. Qe3 Be7 $44 20. Rc1 $145 O-O 21.
Nd2 $16) 15. Ng5 $2 {Movsesian: 'After 30 minutes of meditation I went for
this pseudo-attacking move.'} ({Why not simply} 15. b5 $1 {Movsesian: 'looked
too unclear to me'} Bxb5 16. Ng5 $16 {with tremendous threats?} O-O-O {
Movsesian} 17. Nxf7 Bxc5 {and the black pair of bishops is promising some
compensation.}) ({Much stronger is "Fritz-kind"} 15. cxb6 $1 {Movsesian} axb6 (
15... dxc3 16. b5 $1 Bxb5 17. Ng5 $18) 16. Qxd4 Rd8 17. Qe3 $16) 15... Qb7 $1
16. b5 (16. cxd4 bxc5 $1 17. dxc5 h6 18. Nf3 Bxf3 $1 19. Qxf3 $1 (19. gxf3 Bxc5
$1 20. bxc5 Qb2) 19... Qxb4+ 20. Nc3 Rc8 21. O-O Bxc5 22. Ne4 O-O $11) 16...
Bxg2 17. c6 (17. Rg1 Bd5 18. c6 Qc7 {- 17.c6}) 17... Qc7 18. Rg1 Bd5 $13 {
Now the position is extremely sharp again.} 19. cxd4 (19. c4 $5 Bb4+ (19...
Bxc4 20. Ne4 Bb4+ 21. Nbd2 {- 19...Bb4}) 20. Nd2 Bxc4 21. Nge4 O-O-O $1 {
The K is safer here than on the other flank!} (21... O-O $2 {runs into a
mating -> after} 22. Nf6+ Kh8 23. Qg5 $18) 22. Rxg7 Rhg8 $1 23. Nd6+ Kb8 $13)
19... f6 $5 {'!' Movsesian. Movsesian: 'White has a strong pawn on c6, but the
pair of bishops is currently more important.'} (19... Bb4+ 20. Nd2 a6 $132) 20.
Nh3 fxe5 {'?' Movsesian.} (20... Bb4+ 21. Nd2 Qe7 $13) ({Black could have a
perfect game after recovering from a shock in an opening} 20... O-O-O $1 {
Movsesian} 21. exf6 Bd6 $36) 21. Qxe5 (21. dxe5 a5 $1 {/\ Bb4}) 21... Bb4+ 22.
Nd2 {[#]} Qxe5+ $2 {liquidating to an _|_ solves White's problems only.} (22...
Bxd2+ $2 {giving up the ^^ deliberately cannot be recommended.} 23. Kxd2 Qe7
24. Ke3 $1 (24. Rxg7 $2 Qb4+ $132) 24... Qb4 (24... O-O 25. Rxg7+ Qxg7 26. Rg1
Bg2 27. Qxg7+ Kxg7 28. Rxg2+ $18) 25. Rad1 $18) (22... Qe7 $1 {was the correct
decision keeping the tension and the white K is vulnerable.} 23. Rb1 (23. Rxg7
$6 Bxd2+ 24. Kxd2 Qb4+ $132) (23. Qxg7 $6 Bxd2+ 24. Kxd2 Qb4+ 25. Ke3 Qc3+ 26.
Kf4 Rf8+ $13) (23. Ke2 Bxd2 $13) 23... Bxd2+ 24. Kxd2 O-O {White's K in the
middle is not very healthy.} 25. Nf4 (25. Rxg7+ $2 Qxg7 26. Rg1 Rxf2+ $1 $19)
25... Ba2 26. Rb2 Rf5 27. Qe3 Bc4 $13) 23. dxe5 Bc3 (23... O-O-O 24. O-O-O) 24.
Ra3 Bxe5 {Black has won back the P, will lose the strong ^^ soon.} 25. Re3 {
Movsesian: 'Now white's strong pawn on c6 starts to be an important "detail".'}
Bd4 (25... Bf6 26. Nf4 O-O-O 27. Kd1 $14) 26. Rd3 Bf6 27. Nf4 O-O-O 28. Kd1 $1
{/\ Kc2, Re1} Rhf8 29. Kc2 Rf7 30. Re1 {Movsesian: 'Black's bishops are just
stunts and white has a very easy plan-to change everything and use a better
pawn structure.'} Bg5 (30... Bh4 31. Nxe6 Bxe6 32. Rxe6 Rxf2 33. h3 $16) 31.
Nxd5 exd5 (31... Rxd5 32. Ne4 $1 $16) 32. f3 {White strong protected o^ is the
main trump.} Rf4 $2 (32... Bxd2 33. Kxd2 $16) 33. Re5 Bf6 34. Rexd5 Rxd5 35.
Rxd5 $18 Rxa4 36. Kb3 $1 {Movsesian: 'An important tempo, after which black's
position is lost.'} Rd4 (36... Rf4 37. Rd7 $18) (36... Ra1 37. Rd7 $18) 37.
Rxd4 Bxd4 38. Kc4 $18 {The N versus B _|_ is esy because of the c6 o^.} Bg1 (
38... Be5 39. h3 $18) 39. h3 Kc7 40. Kd5 a6 (40... Bh2 41. Nc4 $1 Bf4 42. Ke4
g5 (42... Bg3 43. Ne3 $18) 43. h4 $1 h6 44. hxg5 hxg5 45. Kd5 Bg3 46. Ne3 Bf4
47. Nf5 Bh2 48. Nd4 $18) 41. bxa6 b5 42. Nb3 b4 43. Nc5 1-0

[Event "Samba Cup 2nd"]
[Site "Skanderborg"]
[Date "2005.10.23"]
[Round "9"]
[White "Ivanchuk, Vassily"]
[Black "Hansen, Lars Bo"]
[Result "1-0"]
[WhiteElo "2748"]
[BlackElo "2565"]
[Annotator "Lukacs,P"]
[PlyCount "85"]
[EventDate "2005.10.14"]
[EventType "tourn"]
[EventRounds "9"]
[EventCountry "DEN"]
[EventCategory "16"]
[SourceTitle "CBM 110"]
[Source "ChessBase"]
[SourceDate "2006.01.31"]
[SourceVersion "1"]
[SourceVersionDate "2006.01.31"]
[SourceQuality "1"]

1. e4 c6 2. d4 d5 3. e5 c5 4. dxc5 Nc6 5. Nf3 (5. Bb5 e6 6. Be3 Nge7 {-
Movsesian-Svetushkin, Mallorca 2004 CBM 104}) 5... Bg4 6. Bb5 (6. Be2 $6 {
This is a bit passive.} e6 7. Bf4 (7. Be3 $2 {Now the e5 P remains undefended.}
Bxf3 $1 (7... Nge7 {allows the defending move} 8. Nbd2 {and the N can take
back on f3.} Nf5 $13) 8. Bxf3 Nge7 {- Vachier Lagrave-Fontaine, Val d'Isere
2004 CBM 103}) (7. Nbd2 Bxc5 8. c3 (8. a3 Nge7 9. c4 Bxf3 10. Nxf3 dxc4 11.
Qxd8+ Rxd8 12. Bxc4 a6 13. O-O Ng6 $15 {and White has problems with his
"stronghold" on e5, Couso-Engqvist, Stockholm 1999.}) 8... Nge7 $13) 7... Bxc5
8. O-O (8. Nbd2 Nge7 9. h3 Bxf3 10. Nxf3 Ng6 11. Bg3 O-O 12. Bd3 f5 13. exf6
Qxf6 $15 {and Black has an excellent French type of position, Casa-Gereben,
Monte Carlo 1968.}) 8... Nge7 9. Nbd2 Ng6 10. Bg3 O-O $15 ({There is no need
to hurry with} 10... Bxf3 11. Nxf3 O-O 12. Bd3 $13 {Zaghedoud-Pelletier,
Agneaux 2000})) 6... e6 (6... Qa5+ 7. Nc3 e6 8. Be3 a6 $5 (8... Nge7 {allows
White to keep his extra c P.} 9. a3 $1 {/\ b4 looks more to the point.} (9. O-O
{is not so important now!} a6 10. Be2 Nf5 11. Bd2 Qc7 12. Na4 Rd8 13. Re1 Be7
14. Bf4 Bxf3 15. Bxf3 g5 16. g4 Nh4 17. Bg3 Qa5 $1 18. Bxh4 (18. b3 $4 Qxe1+ {
0:1 Hennigs-Moehring, Leipzig 1984}) 18... gxh4 $1 (18... Qxa4 19. Bg3) 19. c3
Qc7 $13) 9... O-O-O $5 (9... a6 10. Ba4 Nf5 11. b4 Nxe3 12. fxe3 Qc7 13. O-O
Be7 14. e4 d4 15. Nd5 $1 {Pretty, isn't it?} exd5 16. exd5 $16 {
Klovans-Schroeder, Senden 1999}) (9... Nf5 10. b4 Nxe3 11. fxe3 {This exchange
is not bad for White, because the dark-squared B has no perspectives.} Qc7 12.
O-O Be7 13. e4 dxe4 (13... d4 {is again met by} 14. Nd5 $1) 14. Nxe4 O-O 15.
Bxc6 Qxc6 16. Nd6 f6 17. Nd4 $1 {liquidating for a much better _|_.} Bxd1 18.
Nxc6 Bxd6 19. exd6 Be2 20. Rfe1 $16 {Kalugin-Bets, Kharkov 2000}) 10. b4 Bxf3
$1 {Black wants to corrupt White's P structure.} (10... Qc7 11. Bf4 Bxf3 12.
Qxf3 Nxe5 13. Qe2 N7g6 14. Bg3 h5 15. h3 a6 16. Bd3 h4 {(Pytel-Donev, Biel
1995)} 17. Bxe5 Nxe5 18. Na4 $14 {and White's chances on the << are preferable
to Black's central potential.}) 11. gxf3 Qc7 12. Bxc6 Nxc6 13. Bd4 a6 14. f4 f6
$5 15. h4 (15. exf6 Nxd4 16. Qxd4 gxf6 17. Rg1 Bg7 18. Na4 Kb8 $44) 15... Be7
16. Qd3 fxe5 17. fxe5 Nxe5 18. Qh3 Kb8 19. O-O-O Rhe8 $13 {Galdunts-Zelcic,
Graz 2001}) 9. Bxc6+ bxc6 10. a3 (10. h3 {is too slow.} Bxf3 11. Qxf3 Bxc5 12.
Bxc5 Qxc5 13. O-O-O Ne7 14. Rhf1 Qa5 15. Qd3 c5 $132 {Vallejo Pons-Spraggett,
Andora 1996}) (10. O-O Bxc5 11. Bxc5 Qxc5 12. Qd4 Qxd4 13. Nxd4 {
(Smeets-Heltzel, Venlo 2000)} c5 14. Nb3 Rc8 $13) 10... Bxf3 11. Qxf3 Bxc5 12.
O-O Bxe3 13. Qxe3 Ne7 14. b4 Qc7 15. f4 (15. Na4 a5 16. Nc5 O-O $13 {N.
Kirov-Arkell, Leningrad 1989}) 15... O-O 16. Qc5 Rfb8 17. Ne2 Rb5 $11 {and
White cannot maintain his blockade on c5 and d4.}) 7. b4 (7. Be3 Nge7 (7...
Qa5+ 8. Nc3 {- 6...Qa5}) 8. c3 {- Beshukov-Turov, Moscow 2002 CBM 88} (8. O-O
$6 Nf5 9. Qe2 Nxe3 10. Qxe3 Bxf3 11. Qxf3 Bxc5 12. Nd2 O-O $11 {Orso-Csonka,
ch-HUN k.o. Budapest HUN 2000})) 7... Nge7 {Now Black has problems with
gaining back the sacrificed P.} (7... Bxf3 $2 8. Qxf3 a5 9. c3 axb4 10. cxb4
Qc7 11. Bb2 b6 12. Nd2 bxc5 13. bxc5 Rc8 14. O-O Qa5 15. Qd3 $18 {
Kurnosov-Bets, Alushta 2000}) (7... a5 8. c3 Nge7 (8... Qc7 9. Nbd2 Nge7 10.
O-O g6 11. Ba4 O-O-O 12. h3 Bxf3 13. Nxf3 Bg7 14. Bf4 $18 {Blees-Khenkin, Gent
1996}) 9. Nbd2 axb4 10. cxb4 Ng6 11. h3 Bxf3 12. Nxf3 Qc7 13. O-O Ngxe5 14. Bb2
$18 {Klovans-Peelen, Gelsenkirchen 2000}) (7... Qc7 $142 $1 {looks best.} 8.
Bb2 (8. O-O Bxf3 9. Qxf3 Qxe5) (8. Nbd2 b6 $44) 8... b6 $1 9. cxb6 Qxb6 10.
Bxc6+ Qxc6 $44 {and White's << is full of weaknesses.}) 8. Nbd2 (8. Bb2 Ng6 9.
O-O a5 10. a3 {and White has a healthy extra P.} Be7 (10... axb4 11. axb4 Rxa1
12. Bxa1 Qa8 13. Nbd2 Be7 {(Yoos-Sokourinski, Canadian op 1999)} 14. h3 $16)
11. Nbd2 O-O 12. h3 $16) 8... g6 $2 {The target is >< e5, but White's
advantage on the << becomes too big.} (8... Qc7 $5 {was still required.} 9. Bb2
O-O-O 10. a3 g5 $5 11. O-O Bg7 $14) 9. h3 Bxf3 10. Nxf3 Bg7 11. Rb1 a5 12. a3
axb4 13. axb4 O-O 14. Bf4 Qc7 15. O-O Nxe5 {Black has finally won back the P,
but falls into a nasty pin.} (15... b6 16. cxb6 Qxb6 17. Bxc6 Qxc6 18. b5 $16)
16. Kh1 $1 N7c6 17. c4 $1 {White opens up the position for his ^^.} dxc4 18.
Qe2 $18 f6 19. Bxc4 Qf7 {Finally leaving the pin, but it is already late.} 20.
b5 {and the strong white pawns on the << the fight.} Nxc4 21. bxc6 Na5 22. cxb7
Nxb7 23. c6 (23. Qb5) 23... Na5 {The N is very ugly on the edge of the board.}
24. Rfc1 {The c6 o^ is simply too strong.} (24. Bd6 Rfc8 25. c7 Bf8 26. Bxf8
Kxf8 27. Nd4 $18) 24... e5 25. Be3 Nb3 (25... Rfc8 26. Qb5 $18) 26. Rc3 Nd4 27.
Nxd4 exd4 28. Bxd4 $18 {White has a healthy extra P, the rest is easy.} Rfe8
29. Qf3 Rac8 30. Rbc1 f5 31. Bxg7 Kxg7 32. c7 Re4 33. Qd3 Qe7 34. Qd1 Re6 35.
Qd4+ Kf7 36. Rc6 Re4 37. Qd2 Kg7 38. Rd6 Re2 39. Qd4+ Kh6 40. Rd7 Re1+ 41. Kh2
Qe5+ 42. Qxe5 Rxe5 43. Rd8 1-0

[Event "Moscow Aeroflot op-A"]
[Site "Moscow"]
[Date "2006.02.11"]
[Round "4"]
[White "Movsesian, Sergei"]
[Black "Yevseev, Denis"]
[Result "0-1"]
[WhiteElo "2632"]
[BlackElo "2557"]
[Annotator "Lukacs,P"]
[PlyCount "134"]
[EventDate "2006.02.08"]
[EventType "swiss"]
[EventRounds "9"]
[EventCountry "RUS"]
[SourceTitle "CBM 112"]
[Source "ChessBase"]
[SourceDate "2006.06.07"]
[SourceVersion "1"]
[SourceVersionDate "2006.06.07"]
[SourceQuality "1"]

1. e4 c6 2. d4 d5 3. e5 c5 4. dxc5 e6 5. a3 $5 {/\ b4} (5. Qg4 {-
Shirov-Vallejo Pons, Ayamonte 2002 CBM 092}) (5. Nf3 {- Erenburg-Yevseev,
Alushta 2002 CBM 092}) (5. Be3 {- Acs-Zvjaginsev, Ohrid 2001 CBM 084}) 5... Nc6
6. Nf3 Bxc5 7. b4 Bb6 (7... Be7 $143 {is passive and takes the e7 square away
from the N.} 8. b5 $5 {This weakens the <<, but secures the total control of
the vital d4 square.} (8. Bd3 f6 9. Bb2 Nh6 10. O-O O-O 11. c4 $14 {with an
active play for White.}) 8... Na5 9. Bd3 Bd7 10. O-O Nc4 11. Bxc4 dxc4 12. Nc3
a6 13. Nd4 Nh6 14. Bxh6 gxh6 15. Qh5 {Black's >> is fairly demaged.} O-O 16.
Rad1 Qc7 17. Rfe1 Kh8 18. Ne4 {White's advantage in the [+] looks really
frightening.} Be8 19. Nd6 $16 {Sveshnikov-J.Petrov, Nova Gorica 1999}) 8. Bd3 (
8. Bb2 f6 9. Bd3 (9. Bb5 Bd7 10. exf6 Nxf6 11. O-O O-O 12. c4 a6 13. Bxc6 Bxc6
14. c5 Bc7 $13 {and White has problems with his development, Palekha-Dudukin,
Serpukhov 2004.}) 9... fxe5 10. Nxe5 Nf6 (10... Qf6 11. O-O Nxe5 12. Qh5+ Qf7
13. Qxe5 Nf6 14. Nd2 O-O 15. Nf3 $14 {with a total control over the vital e5
square, Vitiugov-Bystryakova, St Petersburg 2005.}) 11. O-O O-O 12. Nd2 $14 {
successfully fighting for >< e5.}) 8... Nge7 (8... f6 9. Bb2 {- 8.Bb2}) 9. O-O
(9. Bb2 Ng6 $5 (9... Bd7 10. O-O Ng6 11. g3 O-O 12. Nbd2 Re8 {If Black cannot
attack White's [+], his position becomes very passive.} 13. c4 a6 14. Qe2 $14 {
Solovjov-Schepetkova, Vladimir 2004}) 10. O-O {- 9.0-0} (10. g3 $2 O-O 11. h4
$6 {White forgets about developing his pieces.} (11. O-O f6 $1 $15) 11... d4
12. Qe2 Bc7 13. Qe4 Ncxe5 14. Nxe5 f5 15. Qxd4 Bxe5 $15 {Jurkovic-Fontaine,
Kastav 2002})) 9... Ng6 10. Re1 (10. Bb2 O-O (10... Nf4 11. c4 $14 Nxd3 12.
Qxd3 dxc4 13. Qxc4 O-O 14. Nbd2 $16 {and the stronghold on e5 secures White
the big space advantage.}) 11. c4 (11. Re1 {- 10.Re1}) 11... dxc4 (11... Bc7
12. Bxg6 hxg6 13. Nbd2 $14) 12. Bxc4 Qc7 (12... Bd7 13. Nbd2) 13. Qe2 (13. Re1
Ncxe5) 13... Rd8 14. Nbd2 $14) 10... f6 $5 (10... O-O 11. Bb2 Nf4 12. c4 Nxd3
13. Qxd3 dxc4 14. Qxc4 $14 {with an active piece play for White, Black still
has problems with the development of his c8 B.}) 11. Bxg6+ hxg6 12. Bb2 Rh5 $2
{This looks a bit sophysticated.} (12... fxe5 $1 13. b5 $1 (13. Nxe5 $2 Qh4 $1)
13... e4 $1 {would have led to a big tactical fight.} (13... Nd4 14. Nxd4 exd4
15. Nd2 (15. Bxd4 $2 Qh4 $1) 15... g5 16. Nf3 g4 17. Ne5 Qh4 18. Nxg4 d3 19.
cxd3 O-O 20. Be5 Bxf2+ 21. Nxf2 Qxf2+ 22. Kh1 Bd7 23. a4 Rf7 $14) 14. bxc6 exf3
$13 15. cxb7 Bxb7 16. Qxf3 Qe7 17. Qg4 O-O 18. Bd4 Bxd4 19. Qxd4 Qf6 $13) 13.
Qd3 Kf7 14. Nbd2 Bc7 15. exf6 gxf6 {[#]} 16. c4 (16. g4 $1 {is a brave
continuation!} Rh7 17. b5 Na5 18. g5 $14 {fighting for the strategical key
square e5!}) 16... dxc4 17. Qc3 $5 (17. Qxd8 Nxd8 18. Nxc4 e5 $13 {and White's
pieces are restricted by the e5 P.}) 17... Ne5 18. Rad1 Qe7 19. Nxc4 (19. Nxe5+
$6 {is not completely correct:} Bxe5 20. Rxe5 Rxe5 21. Nxc4 (21. Qxc4 Rd5 22.
Qh4 Kg7 $17) 21... Rd5 $17) 19... Nxf3+ 20. Qxf3 Bxh2+ 21. Kf1 Rf5 $1 {
otherwise Black loses material:} (21... Rh6 22. g3 Kg7 23. Ne5 $1 $16) (21...
Bc7 22. g4 Rg5 23. Bc1 Rb5 24. a4 $1 Rxb4 25. Ba3 a5 26. Ne3 $14) 22. Qh3 (22.
Qb3 $5 {- 22.Qh3}) 22... Rh5 23. Qf3 Rf5 24. Qe4 {White wants more than a
repetition of moves.} (24. Qh3 $11) (24. Qb3 $5 Bc7 (24... Qc7 25. Ne3 $44) 25.
Ne3 Rh5 26. Ng4 f5 27. Qc3 Kf8 28. Nf6 $44) 24... Bd7 {[#]} (24... Bb8 25. Ne3
Rf4 (25... Rh5 26. g4) 26. Qc2 Qc7 (26... Bd7 27. Nd5 Bb5+ 28. Kg1 Rc4 29. Qxc4
Bxc4 30. Nxe7 Kxe7 31. Bd4) 27. Qxc7+ Bxc7 28. g3 Re4 29. Ke2 Be5 (29... Bb6
30. Kd3 f5 31. Rh1 e5 32. Nc4 $40) 30. Bxe5 Rxe5 31. Rd8 b6 32. Kd2 Ke7 33. Rg8
Kf7 34. Rh8 Rh5 35. Rd8 Ke7 36. Rg8 Kf7 $11) 25. Qh4 $4 ({The fresh idea} 25.
g4 $1 {would have led to immense complications:} Bc6 26. Qe3 Rf4 $1 (26... Rd5
27. Qh6) (26... Rg5 27. Qh3) 27. Nd6+ $5 (27. Qh3 Rxc4 28. Qh7+ $11) 27... Kg7
28. Qxe6 Qxe6 29. Rxe6 Rxg4 30. Rxf6 Kg8 31. Ke2 $13) 25... Rh5 $19 {Now White
cannot avoid the material losses.} 26. Qxf6+ (26. Qd4 Bb5 $19) (26. Qg4 Bb5 $19
) 26... Qxf6 27. Rxd7+ Ke8 28. Bxf6 Kxd7 29. g4 Rd5 30. Kg2 Bf4 {White has no
compensation for the lost exchange.} 31. Rh1 Rf8 (31... e5 {activating the
pieces} 32. Rh7+ Ke6 33. g5 Rc8 $19 {was easier.}) 32. Rh7+ Kc8 33. Bb2 Rd7 34.
Rh1 Rc7 (34... Bc7 35. Rh8 {The exchange of rooks is hopeless for White.} Rxh8
36. Bxh8 Rd3 $19) 35. Ne5 Bxe5 36. Bxe5 Rc2 37. Bg3 Rc4 38. Rh7 e5 $1 39. Bxe5
(39. Re7 e4) 39... Rxg4+ 40. Bg3 Rc4 41. Rg7 Rc6 42. Be5 Rd8 (42... a6 43. a4
Rc4 44. b5 Rf5 $19) 43. b5 Rc5 44. Bf4 Re8 45. a4 (45. b6 {was the last
practical chance.} axb6 46. Rxg6 b5 $17) 45... Rc4 $19 46. Bg3 Re6 47. Kh3 a5
$1 48. Rg8+ (48. bxa6 Rxa6 $19) 48... Kd7 49. Bh4 (49. Rg7+ Re7 50. Rxg6 Rxa4
$19) 49... b6 50. Rg7+ Kd6 51. Rb7 Kd5 52. Bd8 Rxa4 53. Bxb6 Ra3+ 54. Kg2 a4
55. Be3 Rb3 56. b6 Re4 57. Ra7 Reb4 58. Ra5+ Ke6 59. Ra8 Rc4 60. Ra6 Kd5 61.
Ra8 Ke4 $1 62. Ra7 Kd3 63. b7 Kc2 64. Bh6 Rg4+ 65. Kf1 Kd3 $1 66. f4 Rb1+ 67.
Kf2 Rgg1 0-1